The Religious Situation in Grodno in the 17th Century

Titel: The Religious Situation in Grodno in the 17th Century
Verfasser:
In: ˜Dasœ Bild des Feindes, (2013), Seite 175-182
alle Artikel anzeigen
Veröffentlicht: 2013
Format: Aufsatz
Sprache: Englisch
Kein Bild verfügbar
X
alg: 39169710
001A    $01999:11-11-16 
001B    $01999:15-05-21 $t21:02:20.000 
001D    $01999:11-11-16 
001U    $0utf8 
001X    $00 
002@    $0Aox 
003@    $0391697102 
007A    $0391697102 $aHEB 
007T    $0Herdc0102218m 
010@    $aeng 
011@    $a2013 
021A    $aThe @Religious Situation in Grodno in the 17th Century 
028A    $aPawluczuk $dUrszula 
031A    $h175-182 $j2013 
039B    $aIn $8--Aau--. Das @Bild des Feindes. - Berlin : Mann, 2013. - 512 S.. - zahlr. Ill.. - ISBN 978-3-7861-2684-3 $x201300000000000825 $9320781607 
045F    $a200.94793 $eDDC23BSB 
045F/01 $a200.9 
045F/03 $g4793 
045F/03 $g438 

lok: 39169710 78

exp: 39169710 78 1 #EPN
201B/01 $023-04-21 $t22:47:11.000 
201U/01 $0utf8 
203@/01 $0787791806 
208@/01 $a11-11-16 $be 
209A/01 $a/ $f000 $x00 
220C/01 $aTitelaufnehmer: pg 
220C/01 $aHerkunft: HI Marburg 
244Z/01 $2Trx $#Poola $#Lenkija $#Polija $#Polen Land $#Poland $#Lengyelország $#Poľsko $#Polsko $8--Trx--Polska$gkraj $x01 $9391345966 
244Z/01 $2Trx $#Litauen $#Lithuania $#Litwa $#Litva $#Litva $8--Trx--Lietuva $x02 $9391193457 
244Z/01 $#Harodnja $#Hrodna $#Gardinas $#Гродна $74238420-5 $8--Tg1--Grodno $x03 $9086249878 
244Z/01 $aGeschichte 1600-1700 $x04 
244Z/01 $2Trx $#suhted, religioossed $#santykiai, religiniai $#religious relations $#kapcsolatok, vallásos $#stosunki religijne $#vzťahy, cirkevné $#vztahy náboženské $8--Trx--Beziehungen, religiöse $x05 $9391372971 
244Z/01 $2Trx $#religioossed osaduskonnad $#religinės bendruomenės $#religious communities $#vallásos gyülekezetek $#związki wyznaniowe $#obce náboženské $#obce náboženské $#Sekten $#Gemeinschaften, religiöse $#Konfessionen $#wyznania religijne $#konfesje $#sekty $#spoločenstvá náboženské $#konfesie $#sekty $#společenství náboženská $#konfese $8--Trx--Religionsgemeinschaften $x06 $9391372181 
244Z/01 $2Trx $8--Trx--Einzelbeiträge $x07 $9391384570 
245Z/01 $a10.01 $x01 
247C/01 $82080>Marburg/Lahn, Herder-Institut, Forschungsbibliothek, Bibliographieportal $9336309341
LEADER 00000caa a22000002c 4500
001 391697102
003 DE-603
005 20210515210220.0
007 tu
008 161111s2013 xx |||| | u00||u|eng c
035 |a (DE-599)HEB391697102 
040 |a DE-603  |b ger  |c DE-603  |d DE-603 
041 |a eng 
082 0 4 |8 1\u  |a 200.94793  |q DE-101  |2 23/BSB 
085 |8 1\u  |b 200.9 
085 |8 1\u  |z 2  |s 4793 
085 |8 1\u  |z 2  |s 438 
100 1 |a Pawluczuk, Urszula 
245 0 0 |a ˜Theœ Religious Situation in Grodno in the 17th Century 
264 0 |c 2013 
773 0 8 |i In  |t ˜Dasœ Bild des Feindes  |d Berlin : Mann, 2013  |h 512 S., zahlr. Ill.  |z 9783786126843  |z 3786126844  |g (2013), Seite 175-182  |w (DE-603)320781607 
924 0 |9 2080  |a (DE-603)787791806  |b DE-2080  |c HES  |d d  |g /